| 000 -LEADER | |
|---|---|
| fixed length control field | 01872cam a2200277 i 4500 |
| 001 - CONTROL NUMBER | |
| control field | 21050517 |
| 003 - CONTROL NUMBER IDENTIFIER | |
| control field | OSt |
| 005 - DATE AND TIME OF LATEST TRANSACTION | |
| control field | 20250420134821.0 |
| 008 - FIXED-LENGTH DATA ELEMENTS--GENERAL INFORMATION | |
| fixed length control field | 190702s2020 nyud b 001 0 eng |
| 010 ## - LIBRARY OF CONGRESS CONTROL NUMBER | |
| LC control number | 2019028358 |
| 020 ## - INTERNATIONAL STANDARD BOOK NUMBER | |
| International Standard Book Number | 9781260455601 |
| Qualifying information | (hardcover) |
| 040 ## - CATALOGING SOURCE | |
| Original cataloging agency | DLC |
| Language of cataloging | eng |
| Transcribing agency | DLC |
| Description conventions | rda |
| Modifying agency | KCST |
| 050 00 - LIBRARY OF CONGRESS CALL NUMBER | |
| Classification number | HD57.7 |
| Item number | .Z46 2020 |
| 082 00 - DEWEY DECIMAL CLASSIFICATION NUMBER | |
| Classification number | 658.4092 |
| Edition information | 23 |
| Item number | Ze Ne |
| 100 1# - MAIN ENTRY--PERSONAL NAME | |
| Personal name | Zenger, John H., |
| Relator term | author. |
| 9 (RLIN) | 5358 |
| 245 14 - TITLE STATEMENT | |
| Title | The new extraordinary leader : |
| Remainder of title | turning good managers into great leaders / |
| Statement of responsibility, etc. | John H. Zenger, Joseph R. Folkman. |
| 250 ## - EDITION STATEMENT | |
| Edition statement | Third edition. |
| 260 #1 - PUBLICATION, DISTRIBUTION, ETC. | |
| Place of publication, distribution, etc. | New York : |
| Name of publisher, distributor, etc. | McGraw-Hill, |
| Date of publication, distribution, etc. | [2020] |
| 300 ## - PHYSICAL DESCRIPTION | |
| Extent | xii, 331 pages : |
| Other physical details | charts ; |
| Dimensions | 24 cm |
| 504 ## - BIBLIOGRAPHY, ETC. NOTE | |
| Bibliography, etc. note | Includes bibliographical references and index. |
| 520 ## - SUMMARY, ETC. | |
| Summary, etc. | "The classic for managers seeking to hone their leadership skills into a C-Suite position Updated with copious new research conducted over the past ten years, this landmark work provides everything you need to transform yourself from an effective manager to an extraordinary leader. In addition to the time-proven methods and approaches that has made The New Extraordinary Leader one of the most popular leadership books around, this third edition includes: updated insights on how to demystify leadership, more data on how extraordinary leadership directly benefits employee engagement, customer satisfaction, retention, innovation, and profitability, a brand-new, simplified definition of leadership strengths, critical research on the importance of developing leadership teams, and three all new chapters that cover: leadership competencies and how they interplay with each other, the role of cross training in leadership development, and the leader's role in his or her own development"-- |
| Assigning source | Provided by publisher. |
| 650 #0 - SUBJECT ADDED ENTRY--TOPICAL TERM | |
| Topical term or geographic name entry element | Leadership. |
| 9 (RLIN) | 5359 |
| 700 1# - ADDED ENTRY--PERSONAL NAME | |
| Personal name | Folkman, Joe, |
| Relator term | author. |
| 9 (RLIN) | 5360 |
| 942 ## - ADDED ENTRY ELEMENTS (KOHA) | |
| Koha item type | Book |
| 942 ## - ADDED ENTRY ELEMENTS (KOHA) | |
| Source of classification or shelving scheme | Dewey Decimal Classification |
| Withdrawn status | Lost status | Source of classification or shelving scheme | Damaged status | Not for loan | Home library | Current library | Date acquired | Cost, normal purchase price | Total checkouts | Full call number | Barcode | Date last seen | Cost, replacement price | Price effective from | Koha item type |
|---|---|---|---|---|---|---|---|---|---|---|---|---|---|---|---|
| Dewey Decimal Classification | KCST Library | KCST Library | 09/11/2021 | 9.55 | 658.4092 Ze Ne | 1000000897 | 09/11/2021 | 9.55 | 09/11/2021 | Book |